| 000 | 00551nam a22002057a 4500 | ||
|---|---|---|---|
| 003 | OSt | ||
| 005 | 20220107122854.0 | ||
| 008 | 190814b xxu||||| |||| 00| 0 eng d | ||
| 020 | _a9789352604555 | ||
| 040 | _cIIITMK | ||
| 082 | _a005.133R RAK/R | ||
| 100 |
_aRakshit, Sandip _916273 |
||
| 245 |
_aR for beginners _cSandip Rakshit |
||
| 260 |
_aChennai, _bMcGraw Hill Education, _c2017. |
||
| 300 | _axiii, 403p. | ||
| 650 |
_aCOMPUTER SCIENCE _917043 |
||
| 650 |
_aCOMPUTER PROGRAMMING _917044 |
||
| 650 |
_aR PROGRAMMING _917045 |
||
| 942 |
_2ddc _cBK |
||
| 999 |
_c6597 _d6597 |
||